000 00504nam a2200181Ia 4500
005 20250326124212.0
008 250326s9999 xx 000 0 und d
037 _aTextbook
040 _aFMSL
_beng
_cFMSL
041 _aeng
_2eng
084 _aX:51.1 K7
_qFMSL
100 _aMazz E M
_9736975
245 0 _aInternational marketing administration
_cMazz E M
260 _aCalifornia
_bCalifornia, Chandler
_c1967
300 _a147p
942 _cTB
_hX:51.1 K7
999 _c1272717
_d1272717